000 02145nam0a2200397 4500
001 RU\NLR\BIBL_A\022699581
005 20260426080511.0
010 _a978-5-4439-1952-2
_9800
021 _aRU
_bКН-П-25-071427
_9КН-П-25-6919
035 _a(NLR Aleph) 022699581
090 _a13696333
_c13696333
100 _a20260113d2026 u y0rusy50 ca
101 0 _arus
102 _aRU
105 _aa j 000yy
181 0 _ai
_b xxe
182 0 _an
200 1 _aЗадачи по теоретической физике
_eболее 480 задач различной степени сложности
_eдля студентов и аспирантов высших учебных заведений, изучающих теоретическую физику
_fЮ. М. Белоусов, С. Н. Бурмистров, А. И. Тернов
_g[МФТИ]
203 _aТекст
_bвизуальный
_cнепосредственный
210 _aМосква
_cИзд-во МЦНМО
_d2026 [т. е. 2025]
215 _a617 с.
_cил.
_d22
225 1 _aМФТИ. Курс теоретической физики
300 _aКн. фактически изд. в 2025 г.
300 _aНад вып. дан. отчество у 3-го авт. указано ошибочно: Тернов Алексей Игорьевич
313 _aИзд. 2013 г.
320 _aБиблиогр.: с. 613–617 (86 назв.)
333 _a6+
606 1 _aТеоретическая физика
_jУчебные издания для высших учебных заведений
_xЗадачи
_xРешение
_92391032
_3RU\NLR\AUTH\661425899
686 1 _aВ31я73-41
700 1 _aБелоусов
_bЮ. М
_gЮрий Михайлович
701 1 _aБурмистров
_bС. Н.
_gСергей Николаевич
701 1 _7ca
_8rus
_aТернов
_bА. И.
_gАлексей Игоревич
_92706499
_3RU\NLR\AUTH\770292760
942 _cBOOK
980 _aNB